Star Wars Shows - Statistics

General Stats
  • This quiz has been taken 53 times
  • The average score is 12 of 16
Answer Stats
Hint Answer % Correct
2008 The Clone Wars
100%
2019 The Mandalorian
98%
2014 Star Wars Rebels
93%
2021 The Book of Boba Fett
91%
2023 Ahsoka
89%
2022 Obi-Wan Kenobi
89%
2022 Andor
85%
2022 Tales of the Jedi
72%
2024 The Acolyte
72%
2021 The Bad Batch
70%
2018 Star Wars Resistance
65%
2024 Tales of the Empire
65%
2025 Tales of the Underworld
59%
2024 Skeleton Crew
52%
2021 Star Wars: Visions
46%
2023 Young Jedi Adventures
37%
No matching quizzes found
Score Distribution
Percent of People with Each Score
Percentile by Number Answered
Your Score History
You have not taken this quiz